Movies Quiz

Random Movies or Clickable Quiz

The Villain Wins! Quiz Stats

 Plays Quiz Updated Jan 7, 2018

Score 0/24 Timer 06:00
2 Plays Today
% Correct
The Blair Witch Project
89.7%
The Dark Knight
89.5%
The Empire Strikes Back
88.2%
Se7en
85.8%
One Flew Over the Cuckoo's Nest
80.7%
Alien: Covenant
79.5%
Rosemary's Baby
78.9%
Invasion of the Body Snatchers (1978)
76.7%
Saw
75.8%
The Omen
72.1%
The Usual Suspects
71.6%
Ex Machina
70.1%
% Correct
Gone Girl
69.4%
The Descent
67.7%
The Wicker Man
64.9%
The Strangers
63.6%
No Country for Old Men
62.5%
Valkyrie
61.5%
Twelve Monkeys (1995)
61.2%
Cool Hand Luke
55.3%
Arlington Road
53.2%
Paths of Glory
45.6%
Chinatown
42.8%
Body Heat
38.2%

You're not logged in!

Compare scores with friends on all Sporcle quizzes.
OR
Log In

Show Comments

Extras

Top Quizzes Today


Score Distribution

Your Account Isn't Verified!

In order to create a playlist on Sporcle, you need to verify the email address you used during registration. Go to your Sporcle Settings to finish the process.

Report this User

Report this user for behavior that violates our Community Guidelines.

Details: